Historia del juicio ejecutivo civil

Shranjeno v:
Bibliografske podrobnosti
Glavni avtor: Soberanes y Fernández, José Luis (Author)
Format: Knjiga
Jezik:španščina
Izdano: Ciudad de México, México UNAM 1977
Serija:Instituto de Investigaciones Jurídicas, Serie C. Estudios históricos, 5
Teme:
Oznake: Označite
Brez oznak, prvi označite!

MARC

LEADER 00000nam a2200000 a 4500
001 UCR1430
003 CL-VaPUC
005 20240819151145.0
008 971219e19770000MX |||||||||||||||||spa|d
999 |c 264832  |d 264830 
040 |c Pontificia Universidad Católica de Valparaíso 
082 0 4 |a 347.07 SOB 1977  |2 21 
100 0 |a Soberanes y Fernández, José Luis  |e author  |9 398506 
245 1 0 |a Historia del juicio ejecutivo civil 
260 |a Ciudad de México, México  |b UNAM  |c 1977 
300 |a 112 páginas 
490 0 |a Instituto de Investigaciones Jurídicas, Serie C. Estudios históricos,  |v  5 
583 |a last modification  |c 19971219 00:00:00  |k Rodrigo Vera 
650 0 |a Derecho procesal civil  |z MEXICO  |9 258071 
650 0 |a Asistencia judicial   |9 254864 
650 0 |a Juicio ejecutivo  |z MEXICO  |9 254866 
650 0 |a Derecho civil  |9 255013 
650 0 |a Poder judicial  |z MEXICO  |9 254871 
650 0 |a Tribunales de justicia   |z MEXICO  |9 328494 
650 0 |a Procedimiento civil  |9 254870 
942 |c BK  |2 ddc 
945 |d 19971219 00:00:00  |a cmena 
952 |0 0  |1 0  |2 ddc  |4 0  |6 347_070000000000000_SOB_1977  |7 0  |8 DER_HDC  |9 295342  |a BIBDER  |b BIBDER  |d 2019-11-20  |i 1922793  |l 1  |o 347.07 SOB 1977  |p 1922793  |r 2024-04-22  |s 2024-04-22  |t 1  |w 2019-11-20  |x Ubicación 4to Piso  |y BK  |z Estos recursos deben solicitarse con anticipación  |k DER